000
00269 a2200121 4500
001
64415
082
_a
001.6424 MCC
090
_c
38044
_d
38044
100
_a
McCracken, D.D
245
_a
A Guide to Fortran W Programming
260
_c
John Wiley
300
_a
288p
942
_a
CAE NUST
_k
001.6424 MCC
999
_c
299488
_d
299488